000
00332nam a22001457a 4500
005
20251108172943.0
008
250721s9999 xx 000 0 ara d
082
1
4
_a
j/f/sov
100
1
_a
sowthgate، vera
_e
comp.
245
1
4
_a
the little red hen /
300
_a
51/ص
650
1
7
_a
FICTION
942
_2
ddc
_c
BK
999
_c
92653
_d
92653